Pictures of truth : (Record no. 2389)

MARC details
000 -LEADER
fixed length control field 00818cam a2200253 i 4500
001 - CONTROL NUMBER
control field 2235973
003 - CONTROL NUMBER IDENTIFIER
control field GBCCL
005 - DATE AND TIME OF LATEST TRANSACTION
control field 20241126110428.0
008 - FIXED-LENGTH DATA ELEMENTS--GENERAL INFORMATION
fixed length control field 771102s1977 mou 000 0 eng
010 ## -
-- 76058081
020 ## - INTERNATIONAL STANDARD BOOK NUMBER
International Standard Book Number 0882439057 :
Terms of availability $1.50
040 ## - CATALOGING SOURCE
Original cataloging agency DLC
Transcribing agency DLC
Modifying agency DLC
050 10 -
-- BS478
-- .H28
082 00 - DEWEY DECIMAL CLASSIFICATION NUMBER
Classification number 232.1
Item number HAR
100 1# - MAIN ENTRY--PERSONAL NAME
Personal name Harris, Ralph W.
9 (RLIN) 4945
245 10 - TITLE STATEMENT
Title Pictures of truth :
Remainder of title [a look at Old Testament types and their fulfillment in the New Testament] /
Statement of responsibility, etc. Ralph W. Harris.
260 ## - PUBLICATION, DISTRIBUTION, ETC.
Place of publication, distribution, etc. Springfield, Mo. :
Name of publisher, distributor, etc. Gospel Pub. House,
Date of publication, distribution, etc. c1977.
300 ## - PHYSICAL DESCRIPTION
Extent 123 p. ;
Dimensions 18 cm.
490 0# - SERIES STATEMENT
Series statement Radiant books
630 00 - SUBJECT ADDED ENTRY--UNIFORM TITLE
Uniform title Bible.
Name of part/section of a work New Testament
General subdivision Relation to the Old Testament.
9 (RLIN) 1833
650 #0 - SUBJECT ADDED ENTRY--TOPICAL TERM
Topical term or geographic name entry element Typology (Theology)
9 (RLIN) 611
906 ## - LOCAL DATA ELEMENT F, LDF (RLIN)
a 7
b cbc
c orignew
d 2
e ocip
f 19
g y-gencatlg
942 ## - ADDED ENTRY ELEMENTS (KOHA)
Source of classification or shelving scheme Dewey Decimal Classification
Koha item type Books
Holdings
Withdrawn status Lost status Source of classification or shelving scheme Damaged status Not for loan Home library Current Library Shelving location Date acquired Total checkouts Full call number Barcode Date last seen Copy number Price effective from Koha item type
    Dewey Decimal Classification     GRACE BIBLE COLLEGE GRACE BIBLE COLLEGE Theology 2017-08-10   232.1 HAR 009143 2025-05-01 c.1 2017-08-10 Books
© Grace Bible College Library 2025